• 首页
  • 本馆介绍
  • 公告通知
  • 最新文献
  • 馆藏检索
  • 电子资源
  • 读者荐购
  • 参考咨询
  • CALIS
  • 我的图书馆
  • 登录
  • 详细信息显示
  • 放入我的书架
  • 预约/预借图书
  • 作者相关作品
  • 分类相关作品
  • 丛书相关作品
  • 出版社相关作品

书目信息

  • 表格格式
  • 工作单格式
  • 卡片格式
题名:
注册会计师
    
 
作者: 李若山 , 周勤业 , 方军雄 著
分册:  
出版信息: 北京   中国财政经济出版社  2003.07
页数: 150页
开本: 24cm
丛书名: 上市公司财务舞弊案剖析丛书
单 册:
中图分类: F276.6
科图分类:
主题词: 上市公司--会计师--作用--研究
电子资源:
ISBN: 7-5005-6276-4
 
 
 
 
 
000 01498nam 22003492 4500
001 192004004064
005 20070907165022.92
010    @a7-5005-6276-4@dCNY20.00
100    @a20070602d2003 ekmy0chiy0121 ea
101 0  @achi
102    @aCN@b110000
105    @aack a 000yy
200 1  @a注册会计师@Azhu ce hui ji shi@e经济警察吗?@d= CPA@eEconomic police@f李若山, 周勤业, 方军雄著@zeng
210    @a北京@c中国财政经济出版社@d2003.07
215    @a150页@c肖像@d24cm
225 2  @a上市公司财务舞弊案剖析丛书@Ashang shi gong si cai wu wu bi an pou xi cong shu@d= Series of books on financial fraud of listed companies@f主编葛家澎
300    @a其他题名:经济警察吗
300    @a并列题名:CPA
314    @a李若册,教授,中国第一位审计学博士学位获得者,中国会计学会学术委员会委员,博士生导师。
314    @a葛家澎,现任厦门大学教授、博士生导师、厦门大学文科学术委员会主席。
320    @a有书目 (第146-148页)
330    @a本书以案例加分析方式,以深入浅出的语言描述了注册会计师是如何在市场经济中发展起来的,并对社会随之的惩罚进行分析,指出这些惩罚的公与不公,通过事件与案例的分析来反映其中深刻的社会经济问题。
410  0 @12001 @a上市公司财务舞弊案剖析丛书
510 1  @aCPA@eEconomic police@zeng
517 1  @a经济警察吗@Ajing ji jing cha ma
606 0  @a上市公司@x会计师@x作用@x研究
690    @aF276.6@v4
701  0 @a李若山@Ali ruo shan@4著
701  0 @a周勤业@Azhou qin ye@4著
701  0 @a方军雄@Afang jun xiong@4著
801  0 @aCN@c20070907
905    @dF276.6@eL246
    
    注册会计师:经济警察吗?= CPA:Economic police/李若山, 周勤业, 方军雄著.-北京:中国财政经济出版社,2003.07
    150页:肖像;24cm.-(上市公司财务舞弊案剖析丛书= Series of books on financial fraud of listed companies/主编葛家澎)
    其他题名:经济警察吗.-并列题名:CPA
    
    ISBN 7-5005-6276-4:CNY20.00
    本书以案例加分析方式,以深入浅出的语言描述了注册会计师是如何在市场经济中发展起来的,并对社会随之的惩罚进行分析,指出这些惩罚的公与不公,通过事件与案例的分析来反映其中深刻的社会经济问题。
●
相关链接 在E读中查询图书 在当当中查询图书 在豆瓣中查询图书


正题名:注册会计师     索取号:F276.6/L246         预约/预借

序号 登录号 条形码 馆藏地/架位号 状态 备注
1 617520   206175208   社科库409/409社科库 96排2列4层/ [索取号:F276.6/L246] 在馆    
2 617521   206175217   社科二线422/409社科库 96排2列4层/ [索取号:F276.6/L246] 在馆    
3 617522   206175226   社科二线422/409社科库 96排2列4层/ [索取号:F276.6/L246] 在馆    
河南城建学院图书馆 欢迎您!
大连网信软件有限公司© 版权所有